000 005030000a22001930004500
001 003570
003 MACL
005 20150825151643.0
008 150825b xxu||||| |||| 00| 0 eng d
040 _aMACL
_cMACL
041 _aEnglish
082 _a728.83/TIL
100 _aTillotson, Sarah
_97360
245 _aIndian Mansions
_bA Social History of the haveli
_cSarah Tillotson
260 _aNew Delhi
_c1998
_bOrient Longman,
350 _a225
650 _aArchitecture
_9259
942 _k729
_cBK
_2ddc
999 _c15470
_d15470